Powers of entry to private property (1) (Record no. 64870)
[ view plain ]
| 000 -LEADER | |
|---|---|
| fixed length control field | 00785cam a2200217 4500 |
| 001 - CONTROL NUMBER | |
| control field | ABS62919 |
| 008 - FIXED-LENGTH DATA ELEMENTS--GENERAL INFORMATION | |
| fixed length control field | 000000n2000 000 0 eng u |
| 035 ## - SYSTEM CONTROL NUMBER | |
| System control number | (Sirsi) u108656 |
| 100 ## - MAIN ENTRY--PERSONAL NAME | |
| Personal name | Paine, S. |
| 245 ## - TITLE STATEMENT | |
| Title | Powers of entry to private property (1) |
| 260 ## - PUBLICATION, DISTRIBUTION, ETC. | |
| Date of publication, distribution, etc. | 2000 |
| 490 ## - SERIES STATEMENT | |
| Series statement | Solicitors' Journal |
| Volume/sequential designation | 144(34) 15 September 2000, 824-825(2) |
| 520 ## - SUMMARY, ETC. | |
| Summary, etc. | First in a series of three articles on powers of entry. Looks at the development of privacy through the ages, referring to case law. Discusses police powers, rights of landlords and bailiffs to enter property and the entry powers of public authorities. |
| 590 ## - LOCAL NOTE (RLIN) | |
| Local note | ABS |
| 650 ## - SUBJECT ADDED ENTRY--TOPICAL TERM | |
| Topical term or geographic name entry element | POWERS OF ENTRY |
| 650 ## - SUBJECT ADDED ENTRY--TOPICAL TERM | |
| Topical term or geographic name entry element | PRIVACY |
| 650 ## - SUBJECT ADDED ENTRY--TOPICAL TERM | |
| Topical term or geographic name entry element | PRIVATE PROPERTY |
| 650 ## - SUBJECT ADDED ENTRY--TOPICAL TERM | |
| Topical term or geographic name entry element | BAILIFFS |
| 690 ## - LOCAL SUBJECT ADDED ENTRY--TOPICAL TERM (OCLC, RLIN) | |
| Topical term or geographic name as entry element | PROPERTY |
| 942 ## - ADDED ENTRY ELEMENTS (KOHA) | |
| Suppress in OPAC | 0 |
| Withdrawn status | Lost status | Source of classification or shelving scheme | Damaged status | Not for loan | Home library | Current library | Shelving location | Date acquired | Total Checkouts | Full call number | Barcode | Date last seen | Copy number | Price effective from | Koha item type |
|---|---|---|---|---|---|---|---|---|---|---|---|---|---|---|---|
| Dewey Decimal Classification | London | London | Journal article | 06/10/2000 | ABS62919 | 108656-1001 | 06/08/2019 | 1 | 06/08/2019 | Journal article |